Normal view
MARC view
- NEURO-FUZZY AND SOFT COMPUTING.MACHINE INTELLIGENCE
Entry Topical Term
001 - CONTROL NUMBER
- control field: 61358
003 - CONTROL NUMBER IDENTIFIER
- control field: NUST
005 - DATE AND TIME OF LATEST TRANSACTION
- control field: 20210628202735.0
008 - FIXED-LENGTH DATA ELEMENTS
- fixed length control field: 210628|| aca||aabn | a|a d
040 ## - CATALOGING SOURCE
- Original cataloging agency: NUST
- Transcribing agency: NUST
150 ## - HEADING--TOPICAL TERM
- Topical term or geographic name entry element: NEURO-FUZZY AND SOFT COMPUTING.MACHINE INTELLIGENCE
670 ## - SOURCE DATA FOUND
- Source citation: Work cat.: (NUST): Jang, Jyh-Shing Roger : Sun, Chuen-Tsai : Mizutani, E 61357, Neuro fuzzy and soft computing ;a computational approach to learning and machine intelligence, 2003
